| 000 | 01016cam2a220025300 4500 | ||
|---|---|---|---|
| 001 | tmp15688195 | ||
| 003 | UPRA | ||
| 005 | 20190826090638.0 | ||
| 008 | 951004s1956 enk eng u | ||
| 035 | _a(Sirsi) r59310 | ||
| 035 | _a(UPRA)tmp15688195 | ||
| 040 | _cUPRA | ||
| 100 | 1 |
_aAshton, Edward Donald. _6A18647.1 |
|
| 245 | 1 | 0 |
_aMilk and butterfat recording : _ba world survey. |
| 260 |
_aFarnham Royal, Bucks : _bCommonwealth Agricultural Bureaux, _c[1956] |
||
| 490 | 1 |
_aCommonwealth Bureau of Dairy Science and Technology. Technical communication ; _vno. 3 |
|
| 504 | _aIncludes bibliographies. | ||
| 650 | 0 |
_aCow testing. _6S13286.1 |
|
| 650 | 0 |
_aDairying. _6S12335.1 |
|
| 650 | 0 |
_aMilk and butterfat recording. _6S13287.1 |
|
| 810 | 2 |
_aCommonwealth Bureau of Dairy Science and Technology. Technical communication ; _tCommonwealth Bureau of Dairy Science and Technology. Technical communication ; _vno. 3 _6S3916.1 |
|
| 949 |
_aSF253 _wlcc _i33729001914113 _mMAIN _p2500 _tBOOK _lON-SHELF |
||
| 004 | 59310 | ||
| 999 |
_c159461 _d159461 |
||